The literature of the Spanish people from Roman times to the present day / (Record no. 22174)

MARC details
000 -LEADER
fixed length control field 00677nam a2200217Ia 4500
008 - FIXED-LENGTH DATA ELEMENTS--GENERAL INFORMATION
fixed length control field 210303s9999 xx 000 0 und d
016 ## - NATIONAL BIBLIOGRAPHIC AGENCY CONTROL NUMBER
Source reto2022b
040 ## - CATALOGING SOURCE
Original cataloging agency NLN
Language of cataloging English
Description conventions AACR2
100 ## - MAIN ENTRY--AUTHOR
Author BRENAN, Gerald
Relator term aut
245 #0 - TITLE STATEMENT
Title The literature of the Spanish people from Roman times to the present day /
Statement of responsibility, etc Gerald Brenan
250 ## - EDITION STATEMENT
Edition statement 2nd ed.
260 ## - PUBLICATION, DISTRIBUTION, ETC. (IMPRINT)
Place of publication Cambridge :
Name of publisher Cambrige University Press,
Date of publication 1953
300 ## - COLLATION
Pagination xxii, 494p. ;
Other physical details 22cm.
500 ## - GENERAL NOTE
General note Bibliography : p. 472-488
563 ## - BINDING INFORMATION
Binding note (pbk)
650 ## - TRACINGS
Main Subject Spanish literature
Subdivision (1st) History and criticism
942 ## - ADDED ENTRY ELEMENTS (KOHA)
Item type Books
050 ## - LIBRARY OF CONGRESS CALL NUMBER
Classification number PQ6033
Item number .B837 1953
082 ## - DEWEY DECIMAL CLASSIFICATION NUMBER
Classification number 860.9
Holdings
Withdrawn status Lost status Source of classification or shelving scheme Damaged status Not for loan Home library Current library Date acquired Total Checkouts Full call number Barcode. Date last seen Price effective from Koha item type
    Library of Congress Classification     LAGOS BRANCH National Library of Nigeria 04/03/2021   PQ6033 .B837 1953 2025-460763 04/03/2021 04/03/2021 Books

National Library of Nigeria OPAC is powered by Koha